| 000 | 00835nam a2200241 a 4500 | ||
|---|---|---|---|
| 008 | |||
| 040 |
_aNUST _cNUST |
||
| 049 | _aMAIN | ||
| 090 |
_aTS875 _bLIU |
||
| 100 | _aLiukkonen, Olavi | ||
| 245 | 1 | 0 |
_aSADCC forest industries training centre (FITC) regional Africa : _bintroduction to particleboard technology / _cOlavi Liukkonen |
| 260 |
_aRome : _bFood and Agriculture Organization Of the United Nations, _c1990. |
||
| 300 |
_a55 pages : _billustrations ; _c30 cm. |
||
| 336 |
_atext _btxt _2rdacontent |
||
| 337 |
_aunmediated _bn _2rdamedia |
||
| 338 |
_avolume _bnc _2rdacarrier |
||
| 650 | _aParticle board technology | ||
| 700 | _aRicerche, Consorzio and Agrital | ||
| 907 |
_a.b10416572 _b23-03-22 _c23-03-22 |
||
| 003 | |||
| 005 | 20230123141236.0 | ||
| 942 |
_cBOOKS _kTS875 _mLIU |
||
| 999 |
_c170125 _d170125 |
||